M2.

Guardat en:
Dades bibliogràfiques
Autor principal: Alarcón Kritzler, David (fotografías)
Format: Llibre
Publicat: Santiago, Chile: Ediciones La visita, 2014.
Matèries:
Etiquetes: Afegir etiqueta
Sense etiquetes, Sigues el primer a etiquetar aquest registre!

MARC

LEADER 00000nam a22000007a 4500
003 CL-VaPUC
005 20250321101935.0
008 250128t2014 ||||| |||| 00| 0 eng d
999 |c 446850  |d 446848 
020 |a 978-956-358-061-7 
040 |c Pontificia Universidad Católica de Valparaíso 
082 |a 779.83 ALA 2014 
100 |9 895913  |a Alarcón Kritzler, David  |e fotografías 
245 |a M2. 
260 |a Santiago, Chile:  |b Ediciones La visita,  |c 2014. 
300 |a sin numeración:  |b ilustraciones. 
500 |a c.1-c.2. Instituto Arcos.08-01-2025. 
583 |c 20250128  |k Gabriela Rodríguez Cuevas 
650 0 |9 888505  |a Fotografías en blanco y negro  |x Vida cotidiana  |z Chile 
942 |2 ddc  |c BK  |n 0 
952 |0 0  |1 0  |2 ddc  |4 0  |6 779_830000000000000_ALA_2014  |7 0  |9 600018  |a BIBINC  |b BIBINC  |c GEN  |d 2025-01-28  |e Instituto Arcos  |i 5664834  |o 779.83 ALA 2014  |p 5664834  |r 2025-01-28  |t 1  |w 2025-01-28  |y BK  |k IFP 
952 |0 0  |1 0  |2 ddc  |4 0  |6 779_830000000000000_ALA_2014  |7 0  |9 600019  |a BIBINC  |b BIBINC  |c GEN  |d 2025-01-28  |e Instituto Arcos  |i 5664835  |o 779.83 ALA 2014  |p 5664835  |r 2025-01-28  |t 2  |w 2025-01-28  |y BK  |k IFP